000 00551nam a22002057a 4500
005 20260424140611.0
008 260424b |||||||| |||| 00| 0 eng d
037 _cDSWL
040 _aDSWL
_cDSWL
041 _heng
100 _aPilcher, Jane
_91235686
245 _a50 Key Concepts in Gender Studies
250 _a2nd
260 _aNew Delhi,
_bSage Publication,
_c2017
300 _a194p
365 _aGBP
_b21.99
700 _aImelda Whelehan
_91120431
942 _2CC
_cTEXL
_n0
999 _c1848523
_d1848523